| 000 | 00704nam a2200205Ii 4500 | ||
|---|---|---|---|
| 003 | JO-AjNU | ||
| 008 | 230606s9999||||xx |||||||||||||| ||und|| | ||
| 020 | _a13:978-0-07-070045-1 / 10:0-07-070045-1 | ||
| 040 |
_aJO-AjNU _beng _erda _cJO-AjNU |
||
| 041 | _aeng | ||
| 050 | 1 | 4 | _aBF76.5.Z42.2009 |
| 100 | 3 |
_aZechmeister,Jeanne S and Zechmeister,Eugene .B and ShaughnessyK John J, _eauthor _91310 |
|
| 245 | 0 | 0 | _aEssentials of Research Methods in Psychology |
| 264 | 3 | 1 | _aNew Delhi:Tata McGraw Hill Education , 2009 |
| 300 | _a269P | ||
| 336 |
_atext _btxt _2rdacontent |
||
| 337 |
_aunmediated _bn _2rdamedia |
||
| 338 |
_avolume _bnc _2rdacarrier |
||
| 650 | 4 |
_aPsychology -- Research -- Methodology _91311 |
|
| 999 |
_aE689 _c689 _d689 |
||